000
00252nam a2200109Ia 4500
999
_c
8241
_d
8241
020
_a
978-0124077263
100
_a
Hennessy, john L.
245
0
_a
Computer Organization and Design
260
_a
New York
_b
McGraw Hill
_c
1994
300
_a
232
942
_c
BK